| 000 | 01100nam a22002895i 4500 | ||
|---|---|---|---|
| 001 | 173745 | ||
| 003 | ES-MaACL | ||
| 005 | 20250619094759.0 | ||
| 008 | 100114s2009 sp |||| | spa d | ||
| 020 | _a978-84-9899-108-6 | ||
| 080 | _a94(460)1939/75"(084) | ||
| 245 | 0 | 3 |
_aLa España de Franco / _cHenri Cartier-Bresson, W. Eugene Smith, Francesc Català-Roca, Ramón Masats, Josef Koudelka ; [redacción, Vicente Ponce, Joan Soriano]. |
| 260 |
_a[Madrid] : _bPúblico, _c2009. |
||
| 300 |
_a[32] p. : _bprincipalmente fot. ; _c27 cm. |
||
| 490 | 1 |
_aMaestros de la fotografía ; _v9 |
|
| 651 | 4 |
_aEspaña- _xHistoria- _y1939-1975, Dictadura- _vObras ilustradas. _9172539 |
|
| 700 | 1 |
_aCartier-Bresson, Henri. _935901 |
|
| 700 | 1 |
_aSmith, W. Eugene. _9141942 |
|
| 700 | 1 |
_aCatalà-Roca, Francesc. _937014 |
|
| 700 | 0 |
_aMasats, Ramón, _d1931-2024 _978672 |
|
| 700 | 1 |
_aKoudelka, Josef. _9141937 |
|
| 700 | 1 |
_aPonce, Vicente. _9173428 |
|
| 700 | 1 |
_aSoriano, Joan. _9173429 |
|
| 830 | 1 |
_aMaestros de la fotografía ; _v9 _9189242 |
|
| 852 |
_aES-MaACL _j2284-F-9 |
||
| 999 |
_c173745 _d173745 |
||